Priame zahraničné investície a ich vplyv na ekonomiku
Priame zahraničné investície ako najdôležitejšie faktory rozvoja ekonomiky. Slovensko v centre zvýšeného záujmu zahraničných firiem. Rozhodnutia investorov ovplyvňované ekonomickými podmienkami regiónu a trhovými faktormi. Dôležitá úloha objemu a štruktúry štátnej pomoci, ktorú invostor získava v po...
Gespeichert in:
| 1. Verfasser: | |
|---|---|
| Format: | Buchkapitel |
| Sprache: | Slowakisch |
| Schlagworte: | |
| Tags: |
Keine Tags, Fügen Sie das erste Tag hinzu!
|
MARC
| LEADER | 00000nla$a2200000$$$4500 | ||
|---|---|---|---|
| 001 | 0058393 | ||
| 005 | 20240502071644.3 | ||
| 041 | 0 | |a slo | |
| 044 | |a SK | ||
| 245 | 1 | 0 | |a Priame zahraničné investície a ich vplyv na ekonomiku |c Jarmila Vidová |
| 520 | |a Priame zahraničné investície ako najdôležitejšie faktory rozvoja ekonomiky. Slovensko v centre zvýšeného záujmu zahraničných firiem. Rozhodnutia investorov ovplyvňované ekonomickými podmienkami regiónu a trhovými faktormi. Dôležitá úloha objemu a štruktúry štátnej pomoci, ktorú invostor získava v podobe investičných stimulov. Vývoj priamych zahraničných investícií (PZI) na Slovensku v rokoch 1993-2005. Podmienky a pravidlá poskytovania investičných stimulov. | ||
| 610 | 2 | 0 | |a investície priame zahraničné |
| 610 | 2 | 0 | |a trh kapitálový medzinárodný |
| 610 | 2 | 0 | |a stimuly ekonomické |
| 610 | 2 | 0 | |a zamestnanosť |
| 610 | 2 | 0 | |a regióny |
| 610 | 2 | 0 | |a politika hospodárska |
| 100 | 1 | |a Vidová, Jarmila, 1967- | |